000 00699nam a2200217Ii 4500
003 JO-AjNU
008 230606s9999||||xx |||||||||||||| ||und||
020 _a978-0-07-024907-3 / 0-07-024907-5
040 _aJO-AjNU
_beng
_erda
_cJO-AjNU
041 _aeng
050 1 4 _aHG4529 2009
100 3 _aChandra,Prasanna,
_eauthor
_91280
245 0 0 _aInvestment Analysis and Portfolio Management
250 _a3 ed
264 3 1 _aNew Delhe : Tata Mc Graw Hill Publishing company Limited,2009
300 _a734p
_bIncludes appendix indexes(p707-734)
336 _atext
_btxt
_2rdacontent
337 _aunmediated
_bn
_2rdamedia
338 _avolume
_bnc
_2rdacarrier
650 4 _aInvestment Analysis
_91281
999 _aE674
_c674
_d674